MARC

LEADER 00000nkm0a2200000 4500
001 683025
005 20260114115541.0
090 |a 683025 
100 |a 20251111d1953 m||y0rusy50 ca 
101 0 |a rus 
102 |a RU 
105 |a a z 000yy 
181 0 |a b   |b  bae  
182 0 |a n 
183 0 |a nc  |2 RDAcarrier 
200 1 |a Благоустройство Лагерного сада  |e альбом  |f Томский политехнический институт 
203 |a Изображение  |b визуальный  |c непосредственный 
210 1 |a Томск  |d 1953 
215 |a 10 л.  |c ил. 
283 |a volume  |2 RDAcarrier 
512 1 |a Парк культуры и отдыха Томского Политехнического Института  |z rus 
606 |a Парки и сады  |9 67033 
610 1 |a фотоальбомы 
610 1 |a Лагерный сад 
610 1 |a благоустройство 
610 1 |a озеленение 
610 1 |a история 
610 1 |a Томск 
610 1 |a Томь 
610 1 |a сотрудники ТПУ 
610 1 |a Коллекция История ТПУ 
675 |a 712.2  |v 4 
712 0 2 |a Томский политехнический институт  |c (1944-1991)  |4 570  |9 23521 
801 0 |a RU  |b 63413507  |c 20251111 
850 |a 63413507 
942 |c BK